000
00326nam a2200121Ia 4500
008
220216s9999 xx 000 0 und d
100
_a
Nair V.K.B.
245
0
_a
Mikania cordata BL Robin: An alien new to South India
260
_b
Rubber Board Bulletin
_c
1966-68
300
_a
28-29
650
_a
Mikania cordata
942
_c
BS
999
_c
48666
_d
48666